| 000 | 00490nam a2200181 4500 | ||
|---|---|---|---|
| 005 | 20251230164828.0 | ||
| 008 | 251230b |||||||| |||| 00| 0 eng d | ||
| 020 | _a978-81-291-4215-3 | ||
| 041 | _aEnglish | ||
| 082 |
_aX 920 KAL _bB12106 |
||
| 100 |
_aKalam A P J Abdul _9216119 |
||
| 245 |
_aLearning How to Fly _bLife Lessons for the Youth |
||
| 250 | _a1st | ||
| 260 |
_aNew Delhi _bRupa publication _c2016 |
||
| 300 |
_aviii,163p _bpb |
||
| 365 |
_aRupaye _b197 _cINR |
||
| 942 | _cBK | ||
| 999 |
_c369643 _d369643 |
||